000 00373 a2200169 4500
001 55571
020 _a
040 _cAnchieta - Pituba
100 _aHenrique, Renato e Álvaro
240 1 0 _a1ª Química, II unidade
_lpor
245 1 0 _a1ª Química, II unidade
300 _a10
362 0 _a2017
440 1 _aColégio Anchieta
650 4 _aQuímica
942 _cBK
999 _c55571
_d55571